000 00538nam a2200217Ia 4500
003 OSt
005 20220924132955.0
006 a|||||r|||| 00| 0
007 ta
008 220923b |||||||| |||| 00| 0 fre d
024 _a254788
037 _cTextual
040 _aARTS
_cARTS
_bfre
041 _2fre
_afre
082 _aO122v, 168N9
100 _aSajad Bukhari
_9205419
245 0 _aEurope ka behtareen adab
260 _c1999
942 _hO122v, 168N9
_cTEXL
_2CC
999 _c432205
_d432205